00588nam a2200193Ia 450000500170000000800410001702000290005804000190008704100120010608200160011810000190013424500880015326000290024130000100027050400510028065000190033165100340035085000100038420221126130707.0140110s9999 xx 000 0 und d a9788173049071cRs.725.00 aLoreto College aEnglish a954.14bMAN aMandal, Monika aSettling the unsettledbA study of partition refugees in West BengalcMonika Mandal aNew DelhibManoharc2011 a286p. aIncludes bibliographical references and index. aHistory-Bengal aPartition-History-West Bengal aLCLIB